00000000nam##2200000za#4500
0019.662070
003CaOODSP
00520240219175630
007ta
008150407|2000||||xxc|||||     f|0| 0 fre|d
020 |a0-662-65156-1
040 |aCaOODSP|bfre
041 |aeng
041 |afre
043 |an-cn---
0861 |aD2-126/2000
1102 |aR et D pour la défense Canada.
24510|aStratégie d'investissement technologique pour les deux prochaines décennies
260 |aOttawa - Ontario : |bDéfense nationale. |c2000.
300 |aTexte français, 78p. : |bill., tableaux ; |c28 cm.
500 |a«Recherche et développement pour la défense Canada (RDDC) a le plaisir de présenter sa Stratégie d'investissement technologique (SIT) pour l'avenir. L'objectif de la stratégie est de garantir que les futures FC demeurent préparées et à jour sur le plan technologique. Les 21 activités de R et D décrites dans la stratégie ont été conçus de façon à être en accord avec la Stratégie de défense 2020, à titre d'investissements technologiques.»-- Verso de la couverture.
5203 |aRecherche et développement pour la défense Canada (RDDC) a le plaisir de présenter sa Stratégie d'investissement technologique (SIT) pour l'avenir. L'objectif de la stratégie est de garantir que les futures FC demeurent préparées et à jour sur le plan technologique. Les 21 activités de R et D décrites dans la stratégie ont été conçus de façon à être en accord avec la Stratégie de défense 2020, à titre d'investissements technologiques.-- Verso de la couverture
546 |aBilingue
563 |aCouverture souple
590 |a00-32|b2000-08-11
69107|aTechnologie militaire|2gcpds
69107|aInvestissement|2gcpds
7760#|tTechnology investment strategy for the next two decades |w(CaOODSP)9.695671
791 |tTechnology investment strategy for the next two decades |eeng|w(CaOODSP)9.662069